Prix Nobel de chimie - Statistiques

Statistiques générales
  • Ce quiz a été pris 54 fois
  • Le résultat moyen est 8 sur 191
Statistiques - réponses
Année Lauréats Pays Travaux récompensés % Correct
1911 Marie Curie France Pour les services rendus à l'avancement de la chimie par sa découverte des éléments radium et polonium, pour avoir isolé le radium et étudié la nature et les composés de cet élément remarquable.
93%
1935 Frédéric Joliot-Curie France En reconnaissance de leurs synthèses de nouveaux éléments radioactifs.
86%
1935 Irène Joliot-Curie France En reconnaissance de leurs synthèses de nouveaux éléments radioactifs.
86%
1912 Victor Grignard France Pour sa découverte du réactif de Grignard, lequel a permis d'accomplir de grands progrès en chimie organique ces dernières années.
36%
1901 Jacobus van 't Hoff Pays-Bas Pour les services extraordinaires qu'il a rendus avec les découvertes des lois de la cinétique chimique et de la pression osmotique des solutions.
24%
1903 Svante August Arrhenius Suède Pour les services extraordinaires rendus à l'avancement de la chimie par sa théorie de la dissociation des électrolytes.
24%
2016 Jean-Pierre Sauvage France Pour la conception et la synthèse de machines moléculaires.
21%
2020 Emmanuelle Charpentier France Pour avoir mis au point la technique d'édition génomique CRISPR-Cas9.
19%
1950 Kurt Alder Allemagne de l'Ouest Pour avoir découvert et développé la synthèse diénique.
19%
1950 Otto Diels Allemagne de l'Ouest Pour avoir découvert et développé la synthèse diénique.
19%
1918 (NB : prix décerné en 1919 et remis en 1920.) Fritz Haber Allemagne "Pour la synthèse de l'ammoniac à partir de ses éléments.
17%
1987 Jean-Marie Lehn France Pour l'élaboration et l'utilisation de molécules exerçant, du fait de leurs structures, des interactions hautement sélectives.
17%
2001 K. Barry Sharpless États-Unis Pour ses travaux sur les réactions d'oxydation en catalyse chirale.
17%
2022 K. Barry Sharpless États-Unis Pour le développement de la chimie click et de la chimie bioorthogonale.
17%
1920 Walther Hermann Nernst Allemagne En reconnaissance de ses travaux en thermochimie.
17%
1908 Ernest Rutherford Royaume-Uni Pour ses recherches sur la désintégration des éléments et la chimie des substances radioactives.
14%
1912 Paul Sabatier France Pour sa méthode d'hydrogénation des composés organiques en présence de métaux finement divisés, par laquelle de grands progrès en chimie organique ont été permis ces dernières années.
14%
2010 Akira Suzuki Japon Pour les réactions de couplage catalysées par le palladium en synthèse organique.
12%
2005 Yves Chauvin France Pour leurs travaux sur le développement de la méthode de la métathèse en synthèse organique.
12%
1990 Elias James Corey États-Unis Pour le développement de la théorie et de la méthodologie de la synthèse organique.
10%
1973 Ernst Otto Fischer Allemagne de l'Ouest Pour leurs travaux de pionniers, réalisés indépendamment, sur les composés organométalliques appelés composés sandwich.
10%
1979 Georg Wittig Allemagne de l'Ouest Pour les progrès apportés, par leurs travaux respectifs, sur les composés du bore et du phosphore, aux méthodes de la synthèse organique.
10%
1930 Hans Fischer Allemagne Pour ses travaux sur la constitution de l'hémine et de la chlorophylle et spécialement pour la synthèse de l'hémine.
10%
1906 Henri Moissan France En reconnaissance des grands services qu'il a rendus par la découverte du fluor et de ses propriétés, et pour avoir mis à la disposition de la science le four électrique qui porte son nom.
10%
1902 Hermann Emil Fischer Allemagne Pour les services extraordinaires qu'il a rendus par ses travaux sur la synthèse des hydrates de carbone et des purines.
10%
1936 Petrus Josephus Wilhelmus Debye Pays-Bas Pour ses contributions à la connaissance de la structure moléculaire grâce à ses recherches sur les moments dipolaires et sur la diffraction X et électronique des gaz.
10%
2010 Richard Heck États-Unis Pour les réactions de couplage catalysées par le palladium en synthèse organique.
10%
2005 Richard R. Schrock États-Unis Pour leurs travaux sur le développement de la méthode de la métathèse en synthèse organique.
10%
2005 Robert Grubbs États-Unis Pour leurs travaux sur le développement de la méthode de la métathèse en synthèse organique.
10%
1973 Geoffrey Wilkinson Royaume-Uni Pour leurs travaux de pionniers, réalisés indépendamment, sur les composés organométalliques appelés composés sandwich.
7%
1963 Giulio Natta Italie Pour leurs découvertes dans le domaine de la chimie et de la technologie des hauts polymères.
7%
1932 Irving Langmuir États-Unis Pour ses découvertes et travaux dans le domaine de la chimie des surfaces.
7%
2020 Jennifer Doudna États-Unis Pour avoir mis au point la technique d'édition génomique CRISPR-Cas9.
7%
1981 Ken'ichi Fukui Japon Pour leurs théories, développée chacune séparément, sur le cours des réactions chimiques.
7%
1954 Linus Carl Pauling États-Unis Pour ses recherches sur la nature de la liaison chimique et leurs applications à la détermination de la structure de substances complexes.
7%
1981 Roald Hoffmann États-Unis Pour leurs théories, développée chacune séparément, sur le cours des réactions chimiques.
7%
2001 Ryoji Noyori Japon Pour leurs travaux sur les réactions d'hydrogénation avec catalyse chirale.
7%
1975 Vladimir Prelog Suisse Pour ses travaux sur la stéréochimie des molécules et des réactions organiques.
7%
2001 William S. Knowles États-Unis Pour leurs travaux sur les réactions d'hydrogénation avec catalyse chirale.
7%
1905 Adolf von Baeyer Allemagne Pour les services rendus à l'avancement de la chimie organique et industrielle, grâce à ses travaux sur les colorants organiques et les composés hydroaromatiques.
5%
2016 Bernard L. Feringa Pays-Bas Pour la conception et la synthèse de machines moléculaires.
5%
1931 Carl Bosch Allemagne En reconnaissance de leur contribution dans la découverte et le développement des méthodes chimiques sous haute pression.
5%
2010 Ei-ichi Negishi Japon Pour les réactions de couplage catalysées par le palladium en synthèse organique.
5%
2018 George Smith États-Unis Pour leurs travaux sur l'expression de peptides et d'anticorps par des phages.
5%
1963 Karl Ziegler Allemagne de l'Ouest Pour leurs découvertes dans le domaine de la chimie et de la technologie des hauts polymères.
5%
1993 Michael Smith Canada Pour ses contributions fondamentales à la connaissance de la mutagenèse et à l'étude des protéines.
5%
1944 Otto Hahn Reich allemand Pour sa découverte de la fission des noyaux lourds.
5%
1965 Robert Burns Woodward États-Unis Pour ses réalisations remarquables dans l'art de la synthèse organique.
5%
1999 Ahmed Zewail Égypte Pour ses études des états de transition des réactions chimiques, en utilisant la spectroscopie de femtoseconde.
2%
2021 Benjamin List Allemagne Pour le développement de l'organocatalyse asymétrique.
2%
1956 Cyril Norman Hinshelwood Royaume-Uni Pour leurs recherches sur les mécanismes des réactions chimiques.
2%
1987 Donald J. Cram, États-Unis Pour l'élaboration et l'utilisation de molécules exerçant, du fait de leurs structures, des interactions hautement sélectives.
2%
1907 Eduard Buchner Allemagne Pour ses recherches en biochimie et la découverte de la fermentation en l'absence de cellules.
2%
2018 Frances Arnold États-Unis Pour son travail sur l'évolution dirigée des enzymes
2%
1909 Friedrich Wilhelm Ostwald Allemagne En reconnaissance de ses travaux sur la catalyse et pour ses recherches sur les principes fondamentaux qui gouvernent les équilibres chimiques et les vitesses de réaction.
2%
1994 George A. Olah États-Unis Pour ses contributions à la chimie des carbocations.
2%
1988 Hartmut Michel Allemagne de l'Ouest Pour la détermination de la structure tridimensionnelle d'un site de la réaction photosynthétique.
2%
2016 James Fraser Stoddart Royaume-Uni Pour la conception et la synthèse de machines moléculaires.
2%
2017 Joachim Frank Allemagne / États-Unis Pour leurs travaux sur la cryo-microscopie électronique.
2%
2019 John B. Goodenough États-Unis Pour leur contribution à la création des batteries au lithium-ion.
2%
1974 Paul J. Flory États-Unis Pour ses travaux théoriques et expérimentaux dans le domaine de la chimie physique macromoléculaire.
2%
1984 Robert Bruce Merrifield États-Unis Pour son développement de la méthodologie de la synthèse chimique sur matrice solide.
2%
1992 Rudolph Marcus CanadaÉtats-Unis Pour ses contributions à la théorie des réactions par transfert d'électrons dans les systèmes chimiques.
2%
1904 William Ramsay Royaume-Uni En reconnaissance de la découverte dans l'air d'éléments gazeux inertes, et de la détermination de leur position dans le tableau périodique.
2%
2004 Aaron Ciechanover Israël Pour leurs travaux sur la dégradation des protéines contrôlée par l'ubiquitine.
0%
1982 Aaron Klug Royaume-Uni Pour avoir développé la microscopie électronique cristallographique et pour avoir déterminé la structure des complexes acides-nucléiques protéines biologiquement importants.
0%
2009 Ada Yonath Israël Pour leurs études de la structure et de la fonction du ribosome.
0%
1939 Adolf Butenandt Reich allemand Pour ses travaux sur les hormones sexuelles.
0%
1928 Adolf Windaus Allemagne Pour les services rendus par ses recherches sur la constitution des stérols et leurs relations avec les vitamines.
0%
2019 Akira Yoshino Japon Pour leur contribution à la création des batteries au lithium-ion.
0%
2000 Alan Heeger États-Unis Pour la découverte et le développement de polymères conducteurs.
0%
2000 Alan MacDiarmid Nouvelle-Zélande Pour la découverte et le développement de polymères conducteurs.
0%
1957 Alexander Robert Todd Royaume-Uni Pour ses travaux sur les nucléotides et les coenzymes nucléotidiques.
0%
1913 Alfred Werner Suisse Pour ses travaux sur les liaisons des atomes dans les molécules, grâce auxquels il a porté un éclairage nouveau sur des études antérieures et ouvert de nouveaux domaines de recherche tout particulièrement en chimie minérale.
0%
1952 Archer John Porter Martin Royaume-Uni Pour leur invention de la chromatographie de partage.
0%
2013 Arieh Warshel Israël / États-Unis Pour la mise au point de modèles multi-échelles de systèmes chimiques complexes.
0%
1948 Arne Tiselius Suède Pour ses recherches sur l'analyse par électrophorèse et adsorption, et en particulier pour ses découvertes de la nature complexe des séroprotéines.
0%
1929 Arthur Harden Royaume-Uni Pour leurs travaux sur la fermentation des sucres et les enzymes qui y participent.
0%
1945 Artturi Ilmari Virtanen Finlande Pour ses recherches et ses inventions en chimie agricole et alimentaire, et spécialement pour sa méthode de conservation du fourrage.
0%
2004 Avram Hershko Israël Pour leurs travaux sur la dégradation des protéines contrôlée par l'ubiquitine.
0%
2015 Aziz Sancar Turquie / États-Unis Pour leurs études mécanistiques de la réparation de l'ADN.
0%
2012 Brian Kobilka États-Unis Pour leurs travaux sur les récepteurs couplés aux protéines G.
0%
2022 Carolyn R. Bertozzi États-Unis Pour le développement de la chimie click et de la chimie bioorthogonale.
0%
1987 Charles Pedersen États-Unis Pour l'élaboration et l'utilisation de molécules exerçant, du fait de leurs structures, des interactions hautement sélectives.
0%
1972 Christian Boehmer Anfinsen États-Unis Pour ses travaux sur la ribonucléase, et spécialement ceux concernant la relation entre la séquence des acides aminés et la conformation biologiquement active.
0%
2011 Dan Shechtman Israël Pour sa découverte des quasi-cristaux.
0%
2021 David MacMillan Royaume-Uni Pour le développement de l'organocatalyse asymétrique.
0%
1969 Derek Harold Richard Barton Royaume-Uni Pour leur contribution au développement du concept de conformation et son application en chimie.
0%
1964 Dorothy Crowfoot Hodgkin Royaume-Uni Pour la détermination par les techniques des rayons X de la structure d'importantes substances biologiques.
0%
1986 Dudley Robert Herschbach États-Unis Pour leur contribution à la dynamique des processus chimiques élémentaires.
0%
1951 Edwin McMillan États-Unis Pour leurs découvertes dans la chimie des éléments transuraniens.
0%
2014 Eric Betzig États-Unis Pour le développement de la microscopie à fluorescence à très haute résolution.
0%
1922 Francis William Aston Royaume-Uni Pour ses découvertes grâce au spectromètre de masse, d'un grand nombre d'isotopes non radioactifs, ainsi que pour l'énoncé de la règle des entiers pour les masses atomiques.
0%
1995 Frank Sherwood Rowland États-Unis Pour leurs travaux sur la chimie de l'atmosphère, particulièrement en ce qui concerne la formation et la décomposition de l'ozone.
0%
1958 Frederick Sanger Royaume-Uni Pour son travail sur la structure des protéines, spécialement celle de l'insuline.
0%
1980 Frederick Sanger Royaume-Uni Pour leurs contributions à la détermination des séquences de bases dans les acides nucléiques."
0%
1921 Frederick Soddy Royaume-Uni Pour ses contributions à nos connaissances de la chimie des substances radioactives, et pour ses recherches sur la nature des isotopes.
0%
1931 Friedrich Bergius Allemagne En reconnaissance de leur contribution dans la découverte et le développement des méthodes chimiques sous haute pression.
0%
1923 Fritz Pregl Autriche Pour son invention de la méthode de microanalyse des substances organiques.
0%
1943 George de Hevesy Hongrie Pour ses travaux sur l'utilisation des isotopes comme traceurs dans l'étude des processus chimiques.
0%
1967 George Porter Royaume-Uni Pour leurs études des réactions chimiques extrêmement rapides effectuées en perturbant l'équilibre au moyen de très courtes impulsions d'énergie.
0%
2007 Gerhard Ertl Allemagne Pour ses travaux sur les mécanismes chimiques sur les surfaces solides.
0%
1971 Gerhard Herzberg Allemagne de l'Ouest / Canada Pour ses contributions à la connaissance de la structure électronique et de la géométrie des molécules, et en particulier des radicaux libres.
0%
1951 Glenn Theodore Seaborg États-Unis Pour leurs découvertes dans la chimie des éléments transuraniens.
0%
2018 Gregory Winter Royaume-Uni Pour leurs travaux sur l'expression de peptides et d'anticorps par des phages.
0%
1929 Hans von Euler-Chelpin Suède Pour leurs travaux sur la fermentation des sucres et les enzymes qui y participent.
0%
1934 Harold Clayton Urey États-Unis Pour sa découverte de l'hydrogène lourd.
0%
1996 Harold Kroto Royaume-Uni Pour leur découverte des fullerènes.
0%
1927 Heinrich Otto Wieland Allemagne Pour ses recherches sur la constitution des acides biliaires et des substances apparentées.
0%
1983 Henry Taube États-Unis Pour ses travaux sur les mécanismes des réactions par transfert d'électrons, en particulier dans les complexes métalliques.
0%
1985 Herbert Aaron Hauptman États-Unis Pour leurs réalisations remarquables dans la mise au point de méthodes directes de détermination des structures cristallines.
0%
1979 Herbert C. Brown États-Unis Pour les progrès apportés, par leurs travaux respectifs, sur les composés du bore et du phosphore, aux méthodes de la synthèse organique.
0%
1953 Hermann Staudinger Allemagne de l'Ouest Pour ses découvertes dans le domaine de la chimie macromoléculaire.
0%
2000 Hideki Shirakawa Japon Pour la découverte et le développement de polymères conducteurs.
0%
1977 Ilya Prigogine Belgique Pour sa contribution à la thermodynamique du non-équilibre, et plus particulièrement pour la formulation de la théorie des structures dissipatives.
0%
2004 Irwin Rose États-Unis Pour leurs travaux sur la dégradation des protéines contrôlée par l'ubiquitine.
0%
2017 Jacques Dubochet Suisse Pour leurs travaux sur la cryo-microscopie électronique.
0%
1946 James Batcheller Sumner États-Unis Pour la découverte de la cristallisation des enzymes.
0%
1959 Jaroslav Heyrovsky Tchécoslovaquie Pour la découverte et le développement de la méthode d'analyse polarographique.
0%
1997 Jens Christian Skou Danemark Pour la première découverte d'une enzyme transporteuse d'ions, la Na+, K+-ATPase.
0%
1985 Jerome Karle États-Unis Pour leurs réalisations remarquables dans la mise au point de méthodes directes de détermination des structures cristallines.
0%
1988 Johann Deisenhofer, Allemagne de l'Ouest Pour la détermination de la structure tridimensionnelle d'un site de la réaction photosynthétique.
0%
1998 John A. Pople Royaume-Uni Pour avoir développé des méthodes de calculs informatiques en chimie quantique
0%
2002 John B. Fenn États-Unis Pour leur développement des méthodes de désorption par ionisation douce pour des analyses de macromolécules biologiques par spectrométrie de masse.
0%
1986 John Charles Polanyi Canada Pour leur contribution à la dynamique des processus chimiques élémentaires.
0%
1962 John Cowdery Kendrew Royaume-Uni Pour leurs travaux sur la structure des protéines globulaires.
0%
1997 John Ernest Walker Royaume-Uni Pour leur élucidation du mécanisme enzymatique de la synthèse de l'adénosine triphosphate.
0%
1946 John Howard Northrop États-Unis Pour la préparation d'enzymes et de protéines virales sous forme purifiée.
0%
1975 John Warcup Cornforth Royaume-Uni Pour ses travaux sur la stéréochimie des réactions enzymatiques
0%
1993 Kary B. Mullis États-Unis Pour son invention de la réaction en chaîne impliquant la polymérase.
0%
2002 Koichi Tanaka Japon Pour leur développement des méthodes de désorption par ionisation douce pour des analyses de macromolécules biologiques par spectrométrie de masse.
0%
2002 Kurt Wüthrich Suisse Pour son développement de la spectroscopie par résonance magnétique nucléaire pour la détermination de la structure tridimensionnelle de macromolécules biologiques en solution.
0%
1968 Lars Onsager Norvège Pour la découverte des relations réciproques qui portent son nom et qui sont fondamentales dans la thermodynamique des processus irréversibles.
0%
1939 Leopold Ruzicka Suisse Pour ses travaux sur les polyméthylènes et les terpènes supérieurs.
0%
1970 Luis Federico Leloir Argentine Pour la découverte des nucléotides-sucres et de leur rôle dans la biosynthèse des hydrates de carbone.
0%
1967 Manfred Eigen Allemagne de l'Ouest Pour leurs études des réactions chimiques extrêmement rapides effectuées en perturbant l'équilibre au moyen de très courtes impulsions d'énergie.
0%
1995 Mario J. Molina États-Unis Pour leurs travaux sur la chimie de l'atmosphère, particulièrement en ce qui concerne la formation et la décomposition de l'ozone.
0%
2008 Martin Chalfie États-Unis Pour leur découverte et le développement de la protéine fluorescente verte.
0%
2013 Martin Karplus Autriche / États-Unis Pour la mise au point de modèles multi-échelles de systèmes chimiques complexes.
0%
1962 Max Ferdinand Perutz Autriche Pour leurs travaux sur la structure des protéines globulaires.
0%
1961 Melvin Calvin États-Unis Pour ses travaux sur l'assimilation du dioxyde de carbone par les plantes.
0%
2013 Michael Levitt Royaume-Uni / États-Unis / Israël Pour la mise au point de modèles multi-échelles de systèmes chimiques complexes.
0%
2022 Morten Meldal Danemark Pour le développement de la chimie click et de la chimie bioorthogonale.
0%
1956 Nikolaï Semionov Union soviétique Pour leurs recherches sur les mécanismes des réactions chimiques.
0%
1969 Odd Hassel Norvège Pour leur contribution au développement du concept de conformation et son application en chimie.
0%
2008 Osamu Shimomura Japon / États-Unis Pour leur découverte et le développement de la protéine fluorescente verte.
0%
1910 Otto Wallach Allemagne En reconnaissance des services rendus à la chimie organique et à l'industrie chimique par ses travaux de pionnier dans le domaine des composés alicycliques.
0%
1980 Paul Berg États-Unis Pour ses études fondamentales de la biochimie des acides nucléiques, et en particulier de l'ADN recombinant.
0%
1997 Paul D. Boyer États-Unis Pour leur élucidation du mécanisme enzymatique de la synthèse de l'adénosine triphosphate.
0%
1995 Paul Josef Crutzen Pays-Bas Pour leurs travaux sur la chimie de l'atmosphère, particulièrement en ce qui concerne la formation et la décomposition de l'ozone.
0%
1937 Paul Karrer Suisse Pour ses recherches sur les caroténoïdes, les flavines et les vitamines A et B2.
0%
2015 Paul L. Modrich États-Unis Pour leurs études mécanistiques de la réparation de l'ADN.
0%
2003 Peter Agre États-Unis Pour la découverte des aquaporines dans les membranes cellulaires.
0%
1978 Peter D. Mitchell Royaume-Uni Pour sa contribution à la compréhension du transfert de l'énergie biologique par la théorie chimiosmotique.
0%
1925 Richard Adolf Zsigmondy Allemagne Pour sa démonstration de la nature hétérogène des solutions colloïdales et pour les méthodes qu'il a utilisées, lesquelles sont devenues d'un intérêt fondamental dans la chimie colloïdale moderne.
0%
2017 Richard Henderson Royaume-Uni Pour leurs travaux sur la cryo-microscopie électronique.
0%
1938 Richard Kuhn Reich allemand Pour ses travaux sur les caroténoïdes et les vitamines.
0%
1952 Richard Laurence Millington Synge Royaume-Uni Pour leur invention de la chromatographie de partage.
0%
1915 Richard Martin Willstätter Allemagne Pour ses recherches sur les pigments des plantes et spécialement sur la chlorophylle.
0%
1991 Richard R. Ernst Suisse Pour ses contributions au développement de la spectrométrie de résonance magnétique nucléaire à haute résolution.
0%
1996 Richard Smalley États-Unis Pour leur découverte des fullerènes.
0%
1996 Robert Curl États-Unis Pour leur découverte des fullerènes.
0%
1988 Robert Huber Allemagne de l'Ouest Pour la détermination de la structure tridimensionnelle d'un site de la réaction photosynthétique.
0%
2012 Robert Lefkowitz États-Unis Pour leurs travaux sur les récepteurs couplés aux protéines G.
0%
1947 Robert Robinson Royaume-Uni Pour ses recherches sur les substances végétales d'importance biologique, particulièrement les alcaloïdes.
0%
1966 Robert Sanderson Mulliken États-Unis Pour son travail fondamental concernant les liaisons chimiques et la structure électronique des molécules par la méthode des orbitales moléculaires.
0%
2003 Roderick MacKinnon États-Unis Pour avoir été le premier à résoudre par cristallographie aux rayons X la structure de canaux ioniques (en particulier un canal potassium) dans les membranes cellulaires.
0%
2006 Roger Kornberg États-Unis Pour ses travaux sur les bases moléculaires de la transcription chez les eucaryotes.
0%
2008 Roger Tsien États-Unis Pour leur découverte et le développement de la protéine fluorescente verte.
0%
1967 Ronald George Wreyford Norrish Royaume-Uni Pour leurs études des réactions chimiques extrêmement rapides effectuées en perturbant l'équilibre au moyen de très courtes impulsions d'énergie.
0%
1989 Sidney Altman États-Unis Pour la découverte des propriétés catalytiques de l'acide ribonucléique.
0%
1972 Stanford Moore États-Unis Pour leur contribution à la connaissance des relations entre la structure chimique et l'activité catalytique du centre actif de la ribonucléase.
0%
2019 Stanley Whittingham Royaume-Uni Pour leur contribution à la création des batteries au lithium-ion.
0%
2014 Stefan W. Hell Allemagne / Roumanie Pour le développement de la microscopie à fluorescence à très haute résolution.
0%
1914 Theodore William Richards États-Unis En reconnaissance de ses déterminations précises des poids atomiques d'un grand nombre d'éléments chimiques.
0%
1926 Theodor Svedberg Suède Pour ses travaux sur les systèmes dispersés.
0%
1989 Thomas Robert Cech États-Unis Pour la découverte des propriétés catalytiques de l'acide ribonucléique.
0%
2009 Thomas Steitz États-Unis Pour leurs études de la structure et de la fonction du ribosome.
0%
2015 Tomas Lindahl Suède Pour leurs études mécanistiques de la réparation de l'ADN.
0%
2009 Venkatraman Ramakrishnan États-Unis Pour leurs études de la structure et de la fonction du ribosome.
0%
1955 Vincent du Vigneaud États-Unis Pour ses recherches sur les composés soufrés d'importance biologique et particulièrement pour la première synthèse d'une hormone polypeptidique.
0%
1980 Walter Gilbert États-Unis Pour leurs contributions à la détermination des séquences de bases dans les acides nucléiques."
0%
1998 Walter Kohn États-Unis Pour ses développements de la théorie de la fonctionnelle de la densité.
0%
1937 Walter Norman Haworth Royaume-Uni Pour ses recherches sur les hydrates de carbone et la vitamine C.
0%
1946 Wendell Meredith Stanley États-Unis Pour la préparation d'enzymes et de protéines virales sous forme purifiée.
0%
1960 Willard Frank Libby États-Unis Pour sa méthode de datation par le carbone 14 utilisable en archéologie, géophysique, et dans d'autres domaine de la science.
0%
2014 William E. Moerner États-Unis Pour le développement de la microscopie à fluorescence à très haute résolution.
0%
1949 William Francis Giauque États-Unis Pour ses contributions à la thermodynamique chimique, et en particulier pour avoir étudié les propriétés des corps à très basse température.
0%
1972 William Howard Stein États-Unis Pour leur contribution à la connaissance des relations entre la structure chimique et l'activité catalytique du centre actif de la ribonucléase.
0%
1976 William Lipscomb États-Unis Pour ses travaux sur la structure des boranes, qui ont apporté un nouvel éclairage sur la liaison chimique.
0%
1986 Yuan Tseh Lee États-Unis Pour leur contribution à la dynamique des processus chimiques élémentaires.
0%
Aucun quiz correspondant
Distribution des résultats
% des personnes avec chaque résultat
Percentile par nombre de réponses
Votre historique - résultats
Vous n’avez pas pris ce quiz